00476nam a2200193Ia 4500008004100000020001800041050001400059100002100073245002100094245005000115260001500165260001600180260000900196300001400205300002700219300001000246440001800256500000800274170918s9999 xx 000 0 und d a9780439451598 bM123 1999 aMaccarone, Grace 4aThe class trip / cGrace Maccarone ; illustrated by Betsy Lewin. aNew York : bScholastic, c1999 aunpaged : bcolored illustration ; c23cm. aHello reader! a160